Parts of a Violin & Bow - Statistics

General Stats
  • This quiz has been taken 253 times
  • The average score is 10 of 20
Answer Stats
Hint Answer % Correct
They are A, D, G, & E strings
97%
bridge
78%
tuning pegs
75%
frog
71%
scroll
71%
chinrest
70%
fingerboard
69%
fine tuner
61%
hair
61%
neck
55%
tip
53%
f holes
49%
tailpiece
34%
stick
33%
pegbox
28%
screw
28%
upper bout
16%
lower bout
15%
waist
8%
pad
7%
No matching quizzes found
Score Distribution
Percent of People with Each Score
Percentile by Number Answered
Your Score History
You have not taken this quiz